Slow to talk ; a guide for teachers and parents of children with delayed language development.

Bibliographic Details
Main Author: Beasley, Jane
Format: Book
Language:English
Published: New York : Bureau of Publications, Teachers College, Columbia University, 1956.
Series:Teachers College studies in education.
Subjects:

MARC

Tag First Indicator Second Indicator Subfields
LEADER 00000cam a2200000 4500
001 in00000055726
005 20151008052307.0
008 731224s1956 nyu 00000 eng u
010 |a  56007275  
035 |a (OCoLC)00766584 
035 |9 AAH2668AM 
040 |c CSU  |d TXA  |d UtOrBLW 
049 |a TXAM  |c [406286] 
050 0 |a LB1139.L3  |b B4 
082 0 |a 371.914  |a 371.927 
092 |a 371.927  |b B368s, 1956 
100 1 |a Beasley, Jane. 
245 1 0 |a Slow to talk ;  |b a guide for teachers and parents of children with delayed language development. 
264 1 |a New York :  |b Bureau of Publications, Teachers College, Columbia University,  |c 1956. 
300 |a 109 pages ;  |c 22cm. 
336 |a text  |b txt  |2 rdacontent 
337 |a unmediated  |b n  |2 rdamedia 
338 |a volume  |b nc  |2 rdacarrier 
490 1 |a TC studies in education 
650 0 |a Children  |x Language. 
830 0 |a Teachers College studies in education. 
999 |a MARS 
999 f f |s c18b85ef-a847-3a1c-b876-8f751f1a91e7  |i d5754ed0-277c-3c45-835a-c4ac719825f9  |t 0 
952 f f |p normal  |a Texas A&M University  |b College Station  |c Sterling C. Evans Library  |d Evans: Library Stacks  |t 0  |e LB1139.L3 B4  |h Library of Congress classification  |i unmediated -- volume  |m A14800847247 
998 f f |a LB1139.L3 B4  |t 0  |l Evans: Library Stacks